|
|
|
|
| LEADER |
04138nam a22004097a 4500 |
| 001 |
45084 |
| 003 |
BD-DhAAL |
| 005 |
20251118160235.0 |
| 008 |
251118t2025 onca b 001 0 eng d |
| 020 |
|
|
|a 9781487500528 (hardcover)
|
| 020 |
|
|
|a 9781487500528 (cloth)
|
| 020 |
|
|
|a 9781487511234 (e-pub)
|
| 020 |
|
|
|a 9781487511227 (pdf)
|
| 040 |
|
|
|a BD-DhAAL
|c BD-DhAAL
|
| 082 |
1 |
4 |
|a 891.73009
|2 23
|
| 100 |
|
|
|a Hoogenboom, Hilde,
|e author.
|9 59800
|
| 245 |
1 |
0 |
|a Noble sentiments and the rise of Russian novels :
|b a European literary history /
|c Hilde Hoogenboom.
|
| 246 |
3 |
8 |
|a Noble sentiments and the rise of Russian novels
|
| 260 |
|
|
|a Toronto ;
|a Buffalo ;
|a London :
|b University of Toronto Press,
|c 2025.
|
| 300 |
|
|
|a xiii, 315 pages :
|b illustrations ;
|c 24 cm
|
| 504 |
|
|
|a Includes bibliographical references and index.
|
| 505 |
0 |
|
|a European and Russian Sentimentalism -- Novels and Readers -- Karamzin Translates the Comtesse de Genlis -- Education in Translation: Zhukovsky, Elagina, and Zontag -- Maria Fedorovna and Her Institutes for Noblewomen -- Pushkin and Sophie Cottin's "Mediocre" Novel -- George Sand in Russia: Tur, Turgenev, and Goncharov -- In Defence of Duty: Khvoshchinskaia and Dostoevsky -- Tolstaya vs. Tolstoy.
|
| 520 |
|
|
|a Noble Sentiments and the Rise of Russian Novels: A European Literary History is the first comprehensive study of the overwhelming influence of European bestsellers in translation on nineteenth-century Russian literature, and the first to examine women and men as nobles and equals in the creation of a new literature against substantial odds: 90% of novels in Russia through the 1850s were foreign. Together, they adapted the fundamental European conversation - on a sentimental moral education in duty to the greater good - to their search for a meaningful life of purpose as hereditary nobles, compelled to serve in the military and civil service in exchange for the right to own land with serfs. This new history of well-integrated Russian and European literary markets is evident in what everyone everywhere was reading. Using data from eighteenth- and nineteenth-century book and periodical catalogues in Russia, Germany, France, and Britain, Hoogenboom visualizes, in 14 tables and 22 graphs, readers' large appetite for translated sentimental and sentimental realist novels, many by such women as Madame de Genlis, Sophie Cottin, and George Sand, and the literary output of nine exceptionally well-read Russians, including Pushkin, Evgenia Tur, Nadezhda Khvoshchinskaya, Turgenev, Dostoevsky, and Tolstoy. Readers' tastes show that sentimentalism's debate over virtue proved tenacious because, contrary to stereotypes of the predictable triumph of good over evil, sentimentalism was an opportunistic chameleon that allowed writers to both challenge and reaffirm the social order. Responsible for Russia's empire, writers questioned whether cultivating social duties could restrain violence in a revolutionary epoch."
|c Provided by publisher.
|
| 526 |
8 |
|
|a ENH
|x Sabreena Ahmed, PhD
Associate Professor
Department of English and Humanities
BRAC University
Course Name : N/A
|
| 541 |
1 |
|
|a Trim Education
|e 45084
|
| 650 |
|
0 |
|a Russian fiction
|y 19th century
|x European influences.
|9 59852
|
| 650 |
|
0 |
|a Russian fiction
|y 19th century
|x History and criticism.
|9 59853
|
| 650 |
|
0 |
|a European literature
|x Appreciation
|z Russia
|x History
|y 19th century.
|9 59854
|
| 650 |
|
0 |
|a European literature
|y 19th century
|x Translations into Russian.
|9 59855
|
| 650 |
|
0 |
|a Best sellers
|z Europe
|x History
|y 19th century.
|9 59856
|
| 650 |
|
0 |
|a Comparative literature
|x Russian and European.
|9 59857
|
| 650 |
|
0 |
|a Sentimentalism in literature.
|9 59858
|
| 650 |
|
0 |
|a Realism in literature.
|9 59859
|
| 852 |
1 |
|
|a Ayesha Abed Library
|c General Stacks
|
| 942 |
|
|
|c BK
|2 ddc
|
| 999 |
|
|
|c 47639
|d 47639
|
| 952 |
|
|
|0 0
|1 0
|2 ddc
|4 0
|6 891_730090000000000_HOO
|7 0
|9 78509
|a BRACUL
|b BRACUL
|c NEW
|d 2025-11-04
|e Trim Education
|g 12000.00
|l 3
|o 891.73009 HOO
|p 3010045084
|r 2026-04-09
|s 2026-04-05
|t 1
|v 24000.00
|w 2025-11-04
|y BK
|x Requisitioned by Sabreena Ahmed (Associate Professor, Department of English and Humanities, BRAC University).
|